Reading comprehension strategies: theories, interventions and technologies
Salvato in:
| Autore principale: | |
|---|---|
| Natura: | Libro |
| Lingua: | inglese |
| Pubblicazione: |
Nueva York
Lawrence Erlbaum Associates
2007
|
| Soggetti: | |
| Tags: |
Aggiungi Tag
Nessun Tag, puoi essere il primo ad aggiungerne!!
|
MARC
| LEADER | 00000nam a2200000 a 4500 | ||
|---|---|---|---|
| 001 | UCI8569 | ||
| 003 | CL-VaPUC | ||
| 008 | 080911e20070000US |||||||||||||||||eng|d | ||
| 020 | |a 9780805859676 | ||
| 020 | |a 9780805859669 | ||
| 082 | 0 | 4 | |a 372.47 |b MCN |2 21 |
| 100 | |a McNamara, Danielle S. |e autora |9 590434 | ||
| 245 | 1 | 0 | |a Reading comprehension strategies: theories, interventions and technologies |
| 300 | |a 520 p | ||
| 942 | |c BK | ||
| 945 | |d 20080911 00:00:00 |a jtorresc | ||
| 260 | |a Nueva York |b Lawrence Erlbaum Associates |c 2007 | ||
| 650 | 0 | |a Comprensión de lectura |9 307588 | |
| 650 | 0 | |a Análisis del discurso |9 256696 | |
| 650 | 0 | |a Lectura |9 307634 | |
| 583 | |a last modification |c 20080911 00:00:00 |k Rodrigo Vera | ||
| 999 | |c 331405 |d 331403 | ||
| 952 | |0 0 |1 0 |4 0 |6 372_470000000000000_MCN_2007 |7 0 |8 A |9 418042 |a FDOPOS |b FDOPOS |d 2019-11-22 |i 4483642 |o 372.47 MCN 2007 |p 4483642 |r 2025-01-22 |w 2019-11-22 |y BK |k MLA | ||
| 952 | |0 0 |1 0 |4 0 |6 372_470000000000000_MCN_2007 |7 0 |8 A |9 418043 |a FDOPOS |b FDOPOS |d 2019-11-22 |i 4498046 |o 372.47 MCN 2007 |p 4498046 |r 2025-01-22 |w 2019-11-22 |y BK |k DLA | ||
| 952 | |0 0 |1 0 |4 0 |6 372_470000000000000_MCN_2007 |7 0 |8 A |9 418044 |a FDOPOS |b FDOPOS |d 2019-11-22 |i 4772059 |o 372.47 MCN 2007 |p 4772059 |r 2025-01-22 |w 2019-11-22 |y BK |k DLA | ||